Normal view
MARC view
- Winter, George
Entry Personal Name
001 - CONTROL NUMBER
- control field: 26880
003 - CONTROL NUMBER IDENTIFIER
- control field: NUST
005 - DATE AND TIME OF LATEST TRANSACTION
- control field: 20191212154001.0
008 - FIXED-LENGTH DATA ELEMENTS
- fixed length control field: 191212|| aca||aabn | a|a d
040 ## - CATALOGING SOURCE
- Original cataloging agency: NUST
- Transcribing agency: NUST
100 ## - HEADING--PERSONAL NAME
- Personal name: Winter, George
670 ## - SOURCE DATA FOUND
- Source citation: Work cat.: (NUST): Winter, George, Design of concrete structures, c 1964
